000 00605nam a22001817a 4500
999 _c186245
_d186245
005 20220218150031.0
010 _aENG-131671
020 _a978-81-927088-9-8
_c362.00
035 _aEN-115203
037 _bDBAD
082 _a428.24024
245 _aEnglish for Engineers/
_cA. Usha Bala...[et. al.]
260 _aHyderabad
_bSpectrum Educational Books
_c2020
270 _a# 326/C, Level-2, Surneni Nilayam Near B K Guda Park, S R Nagar
_bHyderabad
_e500038
_k4023710657, 238000657
300 _aviii, 344p.
_c24cm(pbk)
700 _a Bala,A. Usha
942 _2ddc
_cEN
_h428.24024
_mBAL